[Event "Wch U20 Girls 32nd"]
[Site "Pune"]
[Date "2014.10.15"]
[Round "9"]
[White "Krumova, Ani"]
[Black "Mahasweta, Kumar"]
[Result "1-0"]
[WhiteElo "1998"]
[BlackElo "1847"]
[PlyCount "67"]
[EventDate "2014.10.06"]
[EventType "swiss"]
[EventRounds "13"]
[EventCountry "IND"]
[SourceTitle "EXT 2015"]
[Source "ChessBase"]
[SourceDate "2014.11.20"]
[SourceVersion "1"]
[SourceVersionDate "2014.11.20"]
[SourceQuality "1"]

1. e4 d5 2. exd5 Qxd5 3. Nc3 Qa5 4. d4 Nf6 5. Nf3 Bf5 6. Ne5 Nbd7 7. Nc4 Qa6 8. Bf4 Qe6+ 9. Ne3 Bg4 10. f3 Bh5 11. Bc4 Qc6 12. Nb5 e5 13. dxe5 a6 14. Nd4 Qb6 15. exf6 Nxf6 16. Nb3 Qb4+ 17. c3 Qb6 18. Nd5 Qe6+ 19. Kf2 0-0-0 20. Ne3 Qb6 21. Qe2 Bc5 22. Nxc5 Qxc5 23. b4 Qb6 24. g4 Bg6 25. Rad1 Rde8 26. Rd4 Qc6 27. Rhd1 b5 28. a4 Qb6 29. axb5 axb5 30. Bxb5 Re7 31. c4 Qe6 32. c5 h5 33. Ba6+ Kb8 34. Qb5+ 1-0

[Event "Wch U20 Girls 32nd"]
[Site "Pune"]
[Date "2014.10.14"]
[Round "8"]
[White "Tejaswini, Sagar"]
[Black "Krumova, Ani"]
[Result "1-0"]
[WhiteElo "1876"]
[BlackElo "1998"]
[PlyCount "107"]
[EventDate "2014.10.06"]
[EventType "swiss"]
[EventRounds "13"]
[EventCountry "IND"]
[SourceTitle "EXT 2015"]
[Source "ChessBase"]
[SourceDate "2014.11.20"]
[SourceVersion "1"]
[SourceVersionDate "2014.11.20"]
[SourceQuality "1"]

1. e4 c5 2. Nf3 Nc6 3. d4 cxd4 4. Nxd4 g6 5. Nc3 Bg7 6. Be3 Nf6 7. f3 0-0 8. Qd2 d5 9. exd5 Nxd5 10. Nxd5 Qxd5 11. Nxc6 Qxc6 12. 0-0-0 Bf5 13. Kb1 Rad8 14. Bd3 Qf6 15. Qc1 Bxd3 16. Rxd3 Rxd3 17. cxd3 Qd6 18. Qc2 Rd8 19. Rd1 Qxh2 20. Bxa7 h5 21. Bb6 Ra8 22. d4 Qd6 23. Bc5 Qe6 24. a3 Rc8 25. Qd2 Qd5 26. Bxe7 Kh7 27. Qd3 Re8 28. Bc5 Qg5 29. Qd2 Qd5 30. Bb4 Bh6 31. Qc2 h4 32. Rd3 b6 33. Qd1 Qf5 34. d5 Bg5 35. Ka1 Bd8 36. d6 Qg5 37. Qd2 Qxd2 38. Rxd2 Kg7 39. Ka2 Rh8 40. Kb3 f6 41. Kc4 h3 42. gxh3 Rxh3 43. Rd3 g5 44. Rc3 f5 45. Kd5 g4 46. fxg4 fxg4 47. Rxh3 gxh3 48. Bc3+ Bf6 49. d7 h2 50. Bxf6+ Kf7 51. d8Q h1Q+ 52. Kd6 Qd1+ 53. Kc7 Qc2+ 54. Bc3 1-0

[Event "Wch U20 Girls 32nd"]
[Site "Pune"]
[Date "2014.10.12"]
[Round "7"]
[White "Krumova, Ani"]
[Black "Mahalakshmi, Muganda Kumar"]
[Result "0-1"]
[WhiteElo "1998"]
[BlackElo "1997"]
[PlyCount "92"]
[EventDate "2014.10.06"]
[EventType "swiss"]
[EventRounds "13"]
[EventCountry "IND"]
[SourceTitle "EXT 2015"]
[Source "ChessBase"]
[SourceDate "2014.11.20"]
[SourceVersion "1"]
[SourceVersionDate "2014.11.20"]
[SourceQuality "1"]

1. Nf3 d5 2. c4 e6 3. b3 Nf6 4. g3 b6 5. Bg2 Bb7 6. 0-0 dxc4 7. bxc4 Bd6 8. Bb2 0-0 9. d3 Nbd7 10. Nbd2 Qe7 11. Re1 Ba3 12. Bc3 Bb4 13. Bb2 e5 14. Nxe5 Nxe5 15. Bxb7 Rad8 16. Rc1 Neg4 17. Bf3 Ne3 18. fxe3 Qxe3+ 19. Kg2 Bxd2 20. Rf1 Bxc1 21. Bxc1 Qd4 22. Qd2 Rfe8 23. Bb2 Qe3 24. Qc3 Qg5 25. Rf2 Ng4 26. h4 Qg6 27. Bxg4 Qxg4 28. e4 f6 29. Qc2 c5 30. Rf5 Re6 31. Bc1 Re5 32. Rf3 Qd7 33. Bf4 Re7 34. Bc1 Qd6 35. Bf4 Qe6 36. Qc3 Red7 37. e5 fxe5 38. Bxe5 Qg6 39. d4 cxd4 40. Qb3 Qe6 41. Bf4 d3 42. Re3 Qc6+ 43. Kh2 d2 44. Qd1 Qxc4 45. Re5 Rc8 46. Re2 Qxe2+ 0-1

[Event "BUL-ch op (Women)"]
[Site "Vratsa"]
[Date "2014.07.21"]
[Round "1"]
[White "Nikolova, Adriana"]
[Black "Krumova, Ani"]
[Result "1-0"]
[WhiteElo "2303"]
[BlackElo "1990"]
[PlyCount "107"]
[EventDate "2014.07.21"]
[EventType "swiss"]
[EventRounds "7"]
[EventCountry "BUL"]
[SourceTitle "CBM 161 Extra"]
[Source "ChessBase"]
[SourceDate "2014.08.29"]
[SourceVersion "1"]
[SourceVersionDate "2014.08.29"]
[SourceQuality "1"]

1. e4 c5 2. Nf3 Nc6 3. c3 g6 4. d4 cxd4 5. cxd4 Bg7 6. Nc3 d6 7. h3 Nf6 8. d5 Nb8 9. Be3 0-0 10. g4 b5 11. a3 Ba6 12. Nd4 b4 13. axb4 Bxf1 14. Kxf1 Nfd7 15. Qd2 Qc8 16. b3 Qb7 17. b5 a6 18. Bh6 axb5 19. Rxa8 Qxa8 20. Bxg7 Kxg7 21. Ncxb5 Rc8 22. Kg2 Nf6 23. f3 Qb7 24. h4 h5 25. g5 Nfd7 26. Ra1 Qb6 27. Na7 Rc5 28. Qb2 Kh7 29. Nac6 Nxc6 30. Nxc6 Rb5 31. Ra8 Ne5 32. b4 Qe3 33. Nxe5 dxe5 34. Ra3 Qe1 35. Rb3 Qxh4 36. Qxe5 Qe1 37. Qc3 Qe2+ 38. Kg1 h4 39. Rb2 Qd1+ 40. Kg2 Rb8 41. b5 Ra8 42. Qd2 h3+ 43. Kg3 Qg1+ 44. Kxh3 Kg7 45. Qg2 Rh8+ 46. Kg4 Qe3 47. Qf2 Qc3 48. Rd2 Qc8+ 49. Kf4 Qb8+ 50. d6 exd6 51. Qd4+ Kg8 52. Qxd6 Qxb5 53. Qd8+ Kg7 54. Qf6+ 1-0

[Event "Wch U18 Girls"]
[Site "Maribor"]
[Date "2012.11.16"]
[Round "9.16"]
[White "Krumova, Ani"]
[Black "Bala, Kannamma P"]
[Result "1/2-1/2"]
[WhiteElo "2050"]
[BlackElo "1973"]
[PlyCount "97"]
[EventDate "2012.11.08"]
[EventType "swiss"]
[EventRounds "11"]
[EventCountry "SLO"]
[SourceTitle "EXT 2013"]
[Source "ChessBase"]
[SourceDate "2012.11.22"]
[SourceVersion "1"]
[SourceVersionDate "2012.11.22"]
[SourceQuality "1"]

1. e4 c5 2. c3 Nf6 3. e5 Nd5 4. d4 cxd4 5. Nf3 e6 6. cxd4 b6 7. Nc3 Nxc3 8. bxc3 Bb7 9. g3 Qc7 10. Bb2 d6 11. exd6 Bxd6 12. Bg2 0-0 13. 0-0 Nd7 14. Qd3 h6 15. Rfe1 Rac8 16. Nd2 Bxg2 17. Kxg2 Rfe8 18. f4 b5 19. Rac1 Qc6+ 20. Qf3 Qxf3+ 21. Kxf3 Nb6 22. Ke2 a5 23. Rb1 Nc4 24. Bc1 b4 25. Kd3 Na3 26. Rb3 a4 27. Rxa3 bxa3 28. Nc4 Bf8 29. Nxa3 Rc6 30. Re2 Rd8 31. Nb5 Rb8 32. Rb2 Rcb6 33. c4 Ba3 34. Rc2 Bxc1 35. Rxc1 Kf8 36. Kc3 Ke7 37. Kb4 Ra6 38. Re1 Kd7 39. Re3 f5 40. Re5 g6 41. Ka3 Rc8 42. Kb4 g5 43. d5 gxf4 44. gxf4 exd5 45. Rxd5+ Ke6 46. Nd4+ Kf6 47. Rxf5+ Kg6 48. Rd5 Rb8+ 49. Rb5 1/2-1/2

[Event "Wch U18 Girls"]
[Site "Maribor"]
[Date "2012.11.12"]
[Round "6.24"]
[White "Mendez Tovar, Jessica Yissel"]
[Black "Krumova, Ani"]
[Result "0-1"]
[WhiteElo "1889"]
[BlackElo "2050"]
[PlyCount "62"]
[EventDate "2012.11.08"]
[EventType "swiss"]
[EventRounds "11"]
[EventCountry "SLO"]
[SourceTitle "EXT 2013"]
[Source "ChessBase"]
[SourceDate "2012.11.22"]
[SourceVersion "1"]
[SourceVersionDate "2012.11.22"]
[SourceQuality "1"]

1. d4 Nf6 2. c4 g6 3. Nc3 Bg7 4. e4 d6 5. Nf3 0-0 6. Be2 Na6 7. 0-0 e5 8. d5 Nc5 9. Qc2 a5 10. Ne1 Ne8 11. Be3 f5 12. f3 Nf6 13. a3 b6 14. Rb1 a4 15. Nd3 Bd7 16. Nb4 Qe7 17. Nc6 Bxc6 18. dxc6 fxe4 19. fxe4 Ne6 20. Nd5 Qe8 21. Rf2 Nxd5 22. cxd5 Rxf2 23. Bxf2 Nd4 24. Bxd4 exd4 25. Bb5 Qe5 26. Bxa4 d3 27. Qd1 Qd4+ 28. Kh1 Rxa4 29. Qg4 Ra8 30. Rd1 Re8 31. Qd7 Qxe4 0-1

[Event "Wch U20 Girls 29th"]
[Site "Chennai"]
[Date "2011.08.14"]
[Round "12"]
[White "Krumova, Ani"]
[Black "Madhurima, Shekhar"]
[Result "0-1"]
[WhiteElo "1961"]
[BlackElo "1854"]
[PlyCount "84"]
[EventDate "2011.08.02"]
[EventType "swiss"]
[EventRounds "13"]
[EventCountry "IND"]
[SourceTitle "CBM 143 Extra"]
[Source "ChessBase"]
[SourceDate "2011.08.29"]
[SourceVersion "1"]
[SourceVersionDate "2011.08.29"]
[SourceQuality "1"]

1. e4 e6 2. d3 d5 3. Nd2 c5 4. g3 Bd6 5. Bg2 Ne7 6. Ngf3 Nbc6 7. 0-0 0-0 8. Re1 f6 9. exd5 exd5 10. d4 c4 11. Nf1 Bf5 12. Nh4 Bc7 13. Nxf5 Nxf5 14. c3 Nfe7 15. Ne3 Qd7 16. Qh5 Rad8 17. Bd2 Kh8 18. Bh3 f5 19. Ng2 Qe8 20. Qf3 Qf7 21. Bf4 Bd6 22. Re2 h6 23. Bxd6 Rxd6 24. Qf4 Rf6 25. Qd2 g5 26. Ne3 Qh5 27. Bf1 f4 28. Nc2 Nf5 29. Re5 Nxe5 30. dxe5 R6f7 31. Qxd5 fxg3 32. fxg3 Nxg3 33. hxg3 Rf2 34. Bg2 Rxc2 35. e6 Qe2 36. Qe4 Rf2 37. Qxe2 Rfxe2 38. Bd5 b5 39. Rf1 Rxb2 40. Rf8+ Kg7 41. Rf7+ Kg6 42. e7 Rb1+ 0-1

[Event "Wch U20 Girls 29th"]
[Site "Chennai"]
[Date "2011.08.04"]
[Round "3"]
[White "Agrest, Inna"]
[Black "Krumova, Ani"]
[Result "1/2-1/2"]
[WhiteElo "2220"]
[BlackElo "1961"]
[PlyCount "105"]
[EventDate "2011.08.02"]
[EventType "swiss"]
[EventRounds "13"]
[EventCountry "IND"]
[SourceTitle "CBM 143 Extra"]
[Source "ChessBase"]
[SourceDate "2011.08.29"]
[SourceVersion "1"]
[SourceVersionDate "2011.08.29"]
[SourceQuality "1"]

1. e4 c5 2. Nf3 Nc6 3. d4 cxd4 4. Nxd4 g6 5. Nc3 Bg7 6. Be3 d6 7. Bc4 Nf6 8. f3 0-0 9. Qd2 Bd7 10. Bb3 Nxd4 11. Bxd4 b5 12. a4 bxa4 13. Bxa4 Nh5 14. 0-0 Bxd4+ 15. Qxd4 Bxa4 16. Rxa4 Rb8 17. b3 Qb6 18. Qxb6 Rxb6 19. Rxa7 Rc6 20. Nd5 Rxc2 21. Rxe7 Ra8 22. g4 Raa2 23. Ne3 Re2 24. gxh5 Rxe3 25. Rf2 Ra1+ 26. Kg2 Rxb3 27. h6 Kf8 28. Rd7 Ke8 29. Rxd6 Rb5 30. Rfd2 Rg5+ 31. Kf2 Rh5 32. Kg3 Rxh6 33. Kf4 Kf8 34. Rd7 Ra8 35. Rb7 Kg8 36. Kg3 Rh5 37. Rdd7 Rf8 38. f4 Ra5 39. e5 Ra6 40. Kg4 Re6 41. Rbc7 Ree8 42. Kf3 Rc8 43. Rxf7 Rxc7 44. Rxc7 g5 45. Rc4 gxf4 46. Rxf4 Ra8 47. Ke4 Kg7 48. Kd5 Ra5+ 49. Ke6 Ra6+ 50. Kf5 Ra2 51. h4 Kf7 52. e6+ Ke7 53. Ke5 1/2-1/2

[Event "Wch U20 Girls 29th"]
[Site "Chennai"]
[Date "2011.08.03"]
[Round "2"]
[White "Krumova, Ani"]
[Black "Mammadova, Gulnar Marfat Qizi"]
[Result "1-0"]
[WhiteElo "1961"]
[BlackElo "2294"]
[PlyCount "126"]
[EventDate "2011.08.02"]
[EventType "swiss"]
[EventRounds "13"]
[EventCountry "IND"]
[SourceTitle "CBM 143 Extra"]
[Source "ChessBase"]
[SourceDate "2011.08.29"]
[SourceVersion "1"]
[SourceVersionDate "2011.08.29"]
[SourceQuality "1"]

1. Nf3 Nf6 2. g3 d5 3. Bg2 c5 4. d3 Nc6 5. 0-0 g6 6. Nbd2 Bg7 7. e4 0-0 8. c3 e6 9. Re1 b6 10. exd5 exd5 11. Nf1 Bb7 12. Bf4 Nh5 13. Bg5 f6 14. Be3 Qd7 15. d4 c4 16. Qd2 Rf7 17. Re2 Bf8 18. Rae1 b5 19. h4 a5 20. Kh2 Bc8 21. Bh6 Ng7 22. Ne3 Ne7 23. Ng1 Qd6 24. Bxg7 Bxg7 25. Nh3 Bxh3 26. Bxh3 f5 27. Ng2 Qd7 28. Re6 Rc8 29. Qe2 Kf8 30. Nf4 b4 31. Bg2 Bh6 32. Qe5 Bxf4 33. Qxf4 Rd8 34. Qe5 Ng8 35. Bf3 Re7 36. Bxd5 Qxd5 37. Rxe7 Nxe7 38. Qxe7+ Kg8 39. Re5 Qd7 40. Qxd7 Rxd7 41. Rxa5 bxc3 42. bxc3 Rb7 43. Kg2 Rb2 44. Ra4 h6 45. Rxc4 Rxa2 46. Rc7 Rd2 47. Kf3 Kf8 48. Ke3 Rd1 49. Ke2 Ra1 50. c4 Ke8 51. d5 g5 52. hxg5 hxg5 53. d6 Ra2+ 54. Ke3 Ra3+ 55. Ke2 Ra2+ 56. Kf3 Ra3+ 57. Kg2 Rd3 58. c5 Rd5 59. Kf3 Rd3+ 60. Ke2 Rd5 61. f4 gxf4 62. gxf4 Kd8 63. Ke3 Rd1 1-0

[Event "EU-chT U18 Girls"]
[Site "Iasi"]
[Date "2011.07.20"]
[Round "6.4"]
[White "Papp, Petra"]
[Black "Krumova, Ani"]
[Result "1-0"]
[WhiteElo "2261"]
[BlackElo "1961"]
[PlyCount "89"]
[EventDate "2011.07.15"]
[EventType "team-tourn"]
[EventRounds "7"]
[EventCountry "ROU"]
[SourceTitle "CBM 143 Extra"]
[Source "ChessBase"]
[SourceDate "2011.08.29"]
[SourceVersion "1"]
[SourceVersionDate "2011.08.29"]
[SourceQuality "1"]
[WhiteTeam "Hungary U18 Girls"]
[BlackTeam "Bulgaria U18 Girls"]
[WhiteTeamCountry "HUN"]
[BlackTeamCountry "BUL"]

1. e4 c5 2. Nf3 Nc6 3. d4 cxd4 4. Nxd4 e5 5. Nb5 a6 6. Nd6+ Bxd6 7. Qxd6 Qf6 8. Qd1 Qg6 9. Nc3 Nge7 10. h4 h5 11. Bg5 d6 12. Qd2 Be6 13. 0-0-0 Rd8 14. f3 f6 15. Be3 d5 16. exd5 Nxd5 17. Nxd5 Rxd5 18. Bd3 Qf7 19. a3 0-0 20. Qf2 Rc8 21. Kb1 b5 22. g4 b4 23. a4 Ra5 24. b3 Rd5 25. gxh5 Rxd3 26. Rxd3 Bf5 27. Qd2 Bxd3 28. Qxd3 Qxh5 29. Qxa6 Qf5 30. Qc4+ Kh8 31. Qg4 Nd4 32. Qxf5 Nxf5 33. Bb6 Nd6 34. Rd1 Rc6 35. Ba5 Nf5 36. Bxb4 Nd4 37. Rd3 Nxc2 38. Bc3 Nd4 39. Bxd4 exd4 40. Kb2 Rd6 41. b4 Kh7 42. Kb3 Kg6 43. Kc4 Rc6+ 44. Kxd4 Rc1 45. a5 1-0

[Event "BUL-chT (Women) 44th"]
[Site "Albena"]
[Date "2011.06.06"]
[Round "5.2"]
[White "Krumova, Ani"]
[Black "Sirkova, Darena"]
[Result "0-1"]
[WhiteElo "1961"]
[BlackElo "2054"]
[PlyCount "92"]
[EventDate "2011.06.02"]
[EventType "team-tourn"]
[EventRounds "7"]
[EventCountry "BUL"]
[SourceTitle "CBM 142 Extra"]
[Source "ChessBase"]
[SourceDate "2011.06.27"]
[SourceVersion "1"]
[SourceVersionDate "2011.06.27"]
[SourceQuality "1"]
[WhiteTeam "Varna Georgi Daskalov (W)"]
[BlackTeam "Plovdiv Lokomotiv 2000 (W)"]
[WhiteTeamCountry "BUL"]
[BlackTeamCountry "BUL"]

1. e4 c5 2. c3 Nf6 3. e5 Nd5 4. d4 cxd4 5. Nf3 e6 6. cxd4 d6 7. a3 Bd7 8. Bd3 Bc6 9. 0-0 Nd7 10. Re1 Be7 11. b4 a6 12. Nbd2 Nc3 13. Qc2 Rc8 14. exd6 Bxd6 15. Nc4 Bb8 16. Nfe5 Bd5 17. Qxc3 b5 18. Bf1 bxc4 19. Bf4 Nf6 20. f3 0-0 21. Bg5 Qc7 22. Bh4 Ne8 23. Bg3 Nd6 24. Ng4 Qb6 25. a4 Nf5 26. Bf2 Qc7 27. Re5 f6 28. Rxf5 exf5 29. Bg3 f4 30. Be1 Rfe8 31. Bd2 Ba7 32. Rd1 Rcd8 33. Nf2 f5 34. Nh3 Kh8 35. Bxf4 Qc6 36. a5 Qa4 37. Nf2 Bg8 38. Be3 Bb8 39. Bg5 Rd7 40. Kh1 Bd6 41. Bd2 Rb8 42. Rb1 Rdb7 43. Qe3 Bxb4 44. Bxb4 Rxb4 45. Re1 Qxa5 46. Be2 Rb3 0-1

[Event "BUL-chT (Women) 44th"]
[Site "Albena"]
[Date "2011.06.02"]
[Round "1.4"]
[White "Krumova, Ani"]
[Black "Yordanova, Svetla"]
[Result "1/2-1/2"]
[WhiteElo "1961"]
[BlackElo "2137"]
[PlyCount "86"]
[EventDate "2011.06.02"]
[EventType "team-tourn"]
[EventRounds "7"]
[EventCountry "BUL"]
[SourceTitle "CBM 142 Extra"]
[Source "ChessBase"]
[SourceDate "2011.06.27"]
[SourceVersion "1"]
[SourceVersionDate "2011.06.27"]
[SourceQuality "1"]
[WhiteTeam "Varna Georgi Daskalov (W)"]
[BlackTeam "Plovdiv Lokomotiv (W)"]
[WhiteTeamCountry "BUL"]
[BlackTeamCountry "BUL"]

1. Nf3 Nf6 2. g3 g6 3. Bg2 Bg7 4. 0-0 0-0 5. d3 d5 6. Nbd2 c5 7. e4 e6 8. Re1 Nc6 9. Qe2 b6 10. Nf1 h6 11. h4 Bb7 12. e5 Nd7 13. Bf4 Qc7 14. N1h2 Ne7 15. Ng4 Nf5 16. Qd2 h5 17. Ne3 Nxe3 18. Qxe3 d4 19. Qe2 Rac8 20. Nd2 Bxg2 21. Kxg2 Qc6+ 22. Qe4 b5 23. Qxc6 Rxc6 24. a4 b4 25. Nc4 Rb8 26. b3 Ra8 27. Ra2 Nb8 28. Bg5 Na6 29. Be7 Re8 30. Bg5 Nc7 31. Nd6 Ra8 32. Bf4 Nd5 33. Ne4 Kf8 34. Raa1 Kg8 35. Ra2 a6 36. Raa1 Ra7 37. Nd2 Kh7 38. Ne4 Kg8 39. Nd2 Nc3 40. Ne4 Nd5 41. Nd2 Kf8 42. Ne4 Kg8 43. Nd2 Nc3 1/2-1/2